10 Letter combinations - Statistics

General Stats
  • This quiz has been taken 10 times
  • The average score is 8 of 17
Answer Stats
Answer % Correct
Italy Rome
100%
Japan Tokyo
89%
Peru Lima
78%
Cuba Havana
56%
Egypt Cairo
56%
Norway Oslo
56%
Fiji Suva
44%
Iran Tehran
44%
Oman Muscat
44%
Togo Lome
44%
Latvia Riga
33%
Mali Bamako
33%
Nauru Yaren
33%
Yemen Sanaa
33%
Accra Ghana
22%
Qatar Doha
22%
Samoa Apia
11%
No matching quizzes found
Score Distribution
Percent of People with Each Score
Percentile by Number Answered
Your Score History
You have not taken this quiz